| 000 | 00528nam a2200217Ia 4500 | ||
|---|---|---|---|
| 003 | OSt | ||
| 005 | 20220928143058.0 | ||
| 006 | a|||||r|||| 00| 0 | ||
| 007 | ta | ||
| 008 | 220927b |||||||| |||| 00| 0 eng d | ||
| 024 | _a21041 | ||
| 037 | _cTextual | ||
| 040 |
_aSDCL _cSDCL _beng |
||
| 041 |
_2eng _aeng |
||
| 082 | _aP:3, P6 | ||
| 100 |
_aShrivastav Garima _9504576 |
||
| 245 | 0 | _aBhasha aur bhasha vigyan. | |
| 260 | _c2006 | ||
| 942 |
_hP:3, P6 _cTEXL _2CC |
||
| 999 |
_c823103 _d823103 |
||